000 01126nam a2200337 i 4500
003 EG-GICUC
005 20260504111321.0
008 260504s1911 As |||fr|||| 00| 0 eng d
040 _aEG-GiCUC
_beng
_cEG-GiCUC
_dEG-GiCUC
_erda
082 0 4 _221
_a343.82
_bGR . C
092 0 4 _221
099 _aLaw1 10 343.82 GR . C 1911
100 1 _aGross, Hans
_eAuthor.
245 1 0 _aCriminal Psychology :
_bA Manual for Judges, Practitioners, and Students /
_cBy Hans Gross, Translated By Horace M. Kallen, Introduction by Joseph Jastrow.
250 _aThe Fourth German Edition
264 1 _aLondon :
_bWilliam Heineman,
_c1911.
300 _a514 pages;
_c24 cm.
336 _2rda content
_atext
337 _2rda media
_aComputer
338 _2rda carrier
_aOnline Resource
500 _aIndex
546 _aText in English
650 1 _aForensic Psychology
_2qrmak
650 1 _aCriminal Law
_2qrmak
651 1 _2qrmak
700 1 _aKallen, Horace M
_eTranslator.
700 1 _aJastrow, Joseph
_epresenter
856 4 0 _uhttps://fll.law.cu.edu.eg/fulltext/bks/B10-11315.pdf
905 _a54
942 _2ddc
_cBK
_e21
_n0
999 _c75464
_d75464